书目信息 |
| 题名: |
世界主要国家科技发展重点领域遴选研究
|
|
| 作者: | ;世界主要国家科技发展重点领域研究组 编著 | |
| 分册: | ||
| 出版信息: | 北京 电子工业出版社 2018.03 |
|
| 页数: | 222页 | |
| 开本: | 24cm | |
| 丛书名: | ||
| 单 册: | ||
| 中图分类: | N11 | |
| 科图分类: | ||
| 主题词: | 科技发展--研究--世界 | |
| 电子资源: | ||
| ISBN: | 978-7-121-33614-0 | |
| 000 | 01752nam0 2200253 450 | |
| 001 | 41 | |
| 005 | 20180920164515.90 | |
| 010 | @a978-7-121-33614-0@dCNY49.00 | |
| 100 | @a20180513d2018 em y0chiy50 ea | |
| 101 | 0 | @achi |
| 102 | @aCN@b110000 | |
| 105 | @ay z 000yy | |
| 200 | 1 | @a世界主要国家科技发展重点领域遴选研究@9shi jie zhu yao guo jia ke ji fa zhan zhong dian ling yu lin xuan yan jiu@f世界主要国家科技发展重点领域研究组编著 |
| 210 | @a北京@c电子工业出版社@d2018.03 | |
| 215 | @a222页@d24cm | |
| 300 | @a国家科技图书文献中心“重点领域信息门户遴选、运行评估”专项资助 | |
| 312 | @a封面英文题名:Research on selection of key fields of science and technology in major countries of the world | |
| 330 | @a本书以Web of Science核心合集数据库为数据源,按照Web of Science类别分别对美国、日本、英国、韩国、欧盟和中国等国家和地区发表的论文进行收集、整理和分析,归纳各国已经开展的重点研究领域;选择美国、日本、英国、韩国、欧盟和中国在国家和地区及其主要机构层面资助的科技项目,以及战略规划为研究对象,进行归纳和分析,归纳世界各国正在进行的及未来规划的科技发展重点领域。从研究领域、科研资助、产业社会3个维度,研究设计了国家科技发展重点领域综合分析框架及其指标权重,采用定量分析和定性调研相结合的方法,遴选出美国、日本、英国、韩国、欧盟和中国的科技发展重点领域,并对世界主要国家科技发展重点领域的共性布局和特色布局进行了比较研究,可为我国科技发展重点领域规划和布局提供重要的决策参考依据。 | |
| 510 | 1 | @aResearch on selection of key fields of science and technology in major countries of the world@zeng |
| 606 | 0 | @a科技发展@x研究@y世界 |
| 690 | @aN11@v5 | |
| 711 | 02 | @a世界主要国家科技发展重点领域研究组@9shi jie zhu yao guo jia ke ji fa zhan zhong dian ling yu yan jiu zu@4编著 |
| 801 | 0 | @aCN@b91MARC@c20180513 |
| 905 | @aMuseLib@dN11@e130 | |
| 世界主要国家科技发展重点领域遴选研究/世界主要国家科技发展重点领域研究组编著.-北京:电子工业出版社,2018.03 |
| 222页;24cm |
| 国家科技图书文献中心“重点领域信息门户遴选、运行评估”专项资助 |
| ISBN 978-7-121-33614-0:CNY49.00 |
| 本书以Web of Science核心合集数据库为数据源,按照Web of Science类别分别对美国、日本、英国、韩国、欧盟和中国等国家和地区发表的论文进行收集、整理和分析,归纳各国已经开展的重点研究领域;选择美国、日本、英国、韩国、欧盟和中国在国家和地区及其主要机构层面资助的科技项目,以及战略规划为研究对象,进行归纳和分析,归纳世界各国正在进行的及未来规划的科技发展重点领域。从研究领域、科研资助、产业社会3个维度,研究设计了国家科技发展重点领域综合分析框架及其指标权重,采用定量分析和定性调研相结合的方法,遴选出美国、日本、英国、韩国、欧盟和中国的科技发展重点领域,并对世界主要国家科技发展重点领域的共性布局和特色布局进行了比较研究,可为我国科技发展重点领域规划和布局提供重要的决策参考依据。 |
| ● |
| 相关链接 |
|
|
|
|
正题名:世界主要国家科技发展重点领域遴选研究
索取号:N11/130
 
预约/预借
| 序号 | 登录号 | 条形码 | 馆藏地/架位号 | 状态 | 备注 |
| 1 | 1117944 | 211179446 | 第二样本阅览室/ [索取号:N11/130] | 在馆 | |
| 2 | 1117945 | 211179455 | 第三借阅区/ [索取号:N11/130] | 在馆 | |
| 3 | 1117946 | 211179464 | 第三借阅区/ [索取号:N11/130] | 在馆 | |
| 4 | 1117947 | 211179473 | 第三借阅区/ [索取号:N11/130] | 在馆 | |
| 5 | 1117948 | 211179482 | 第三借阅区/ [索取号:N11/130] | 在馆 |